| 000 | 00768nam a2200217 a 4500 | ||
|---|---|---|---|
| 008 | 120416s1986 ||||||||||||||||| || u | ||
| 020 | _a0675201985 | ||
| 050 | _aHD 58.7 Cal | ||
| 100 | _aKnudson, Harry R | ||
| 245 | 1 | 0 | _aUnderstanding organizational behavior |
| 246 | _aa managerial viewpoint | ||
| 260 |
_aColumbus, Ohio _bCharles E. Merrill _c1986 |
||
| 300 | _axv, 637p. : ill | ||
| 350 | _a0.00 | ||
| 500 | _aIncludes bibliographies and indexes. | ||
| 650 | _aORGANIZATIONAL BEHAVIOUR | ||
| 650 | 0 | _aMANAGEMENT | |
| 700 | _aCallahan, R. E. (Robert E.), 1944- | ||
| 700 | _aFleenor, C. Patrick, 1938- | ||
| 995 |
_D0.00 _FCBU-MAIN LIBRARY (Kitwe) _H1 _I16.50 _M1 _UDAMAGED _ZMain Library Open Access Collection |
||
| 999 |
_c60718 _d60718 |
||